| 000 | 00512nam a22001937a 4500 | ||
|---|---|---|---|
| 001 | 2749 | ||
| 003 | BD-DhBUF | ||
| 005 | 20251117130426.0 | ||
| 008 | 251109b bg ||||| |||| 00| 0 ben d | ||
| 020 | _a9789843377401 | ||
| 040 |
_aBD-DhBUF _cBD-DhBUF |
||
| 100 |
_aRonok, Hider Akbor _94136 |
||
| 245 |
_aJob interview : _b questions and answers / _c Hider Akbor Ronok |
||
| 260 |
_a Dhaka : _b Abacus, _c 2021 |
||
| 300 |
_a256p. : _c21. ; |
||
| 526 | _aBBA | ||
| 650 |
_aJob Interview _92471 |
||
| 942 |
_2ddc _cBK |
||
| 999 |
_c2749 _d2749 |
||